000
00295nam a22001337a 4500
008
181019b xxu||||| |||| 00| 0 eng d
020
_a
0139305947
041
_a
eng
080
_a
610
100
_a
3
101
_a
shm
245
_a
The Treatment Of Stuttering
_c
Riper.CH.V
942
_2
udc
_c
BK
999
_c
50256
_d
50256